Catálogo
 En Linea

Diccionario de Directores de Cine. / (Registro nro. 43424)

Detalles MARC
000 -CABECERA
campo de control de longitud fija 00682nam a2200193 a 4500
001 - NÚMERO DE CONTROL
campo de control 000043935
005 - FECHA Y HORA DE LA ÚLTIMA TRANSACCIÓN
campo de control 20201002045043.0
008 - DATOS DE LONGITUD FIJA--INFORMACIÓN GENERAL
campo de control de longitud fija 140509s1994 sp a 001 0 spa d
020 ## - NÚMERO INTERNACIONAL ESTÁNDAR DEL LIBRO
Número Internacional Estándar del Libro 8478384189
040 ## - FUENTE DE LA CATALOGACIÓN
Centro catalogador/agencia de origen DO-SdBNP
Lengua de catalogación spa
Centro/agencia transcriptor BNPHU
100 1# - ENTRADA PRINCIPAL--NOMBRE DE PERSONA
Nombre de persona Torres, Augusto M.
9 (RLIN) 70962
245 10 - MENCIÓN DE TÍTULO
Título Diccionario de Directores de Cine. /
Mención de responsabilidad, etc. Augusto M. Torres; prólogo Manuel Gutiérrez Aragón.
260 ## - PUBLICACIÓN, DISTRIBUCIÓN, ETC.
Lugar de publicación, distribución, etc. Madrid, :
Nombre del editor, distribuidor, etc. Alianza Editorial
-- Ediciones del Prado,
Fecha de publicación, distribución, etc. 1994.
300 ## - DESCRIPCIÓN FÍSICA
Extensión 333 p. :
Otras características físicas il. ;
Dimensiones 22 cm.
490 1# - MENCIÓN DE SERIE
Mención de serie Biblioteca temática Alianza
Designación de volumen o secuencia 32
500 ## - NOTA GENERAL
Nota general Incluye índice
700 12 - PUNTO DE ACCESO ADICIONAL--NOMBRE DE PERSONA
Nombre de persona Gutiérrez Aragón, Manuel
Término indicativo de función/relación prol.
9 (RLIN) 71868
830 #0 - PUNTO DE ACCESO ADICIONAL DE SERIE-TÍTULO UNIFORME
Título uniforme Biblioteca temática Alianza
Número de parte o sección de la obra 32
9 (RLIN) 71869
Existencias
Estado de retiro Estado de pérdida Restricciones de uso No para préstamo Código de colección Localización permanente Ubicación/localización actual Ubicación en estantería Fecha de adquisición Número de inventario Total de préstamos Signatura topográfica completa Código de barras Fecha visto por última vez Precio válido a partir de Tipo de ítem Koha
      Excluido de préstamo Monografías: Libros y Folletos General General En catalogación 09.05.2014 LF1   43935-10 25.06.2020 25.06.2020 No se presta

Con tecnología Koha